Buckeyes in the NFL - Statistics

General Stats
  • This quiz has been taken 26 times
  • The average score is 19 of 48
Answer Stats
Hint Answer % Correct
Cardinals - WR Marvin Harrison Jr
93%
Texans - QB CJ Stroud
87%
Falcons - DE Zach Harrison
87%
Browns - CB Denzel Ward
80%
Jets - WR Garrett Wilson
80%
Steelers - QB Justin Fields
80%
Commaners - WR Terry McLaurin
80%
Saints - WR Chris Olave
73%
Cowboys - RB Ezekiel Elliott
73%
Bills - WR Curtis Samuel
67%
Seahawks - WR Jaxon Smith-Njigba
67%
Chargers - RB JK Dobbins
67%
Chargers - OLB Joey Bosa
67%
49ers - DE Nick Bosa
67%
Cardinals - OT Paris Johnson Jr
67%
Steelers - DT Cameron Heyward
53%
Bengals - DE Sam Hubbard
53%
Seahawks - OLB Tyreke Smith
53%
Texans - TE Cade Stover
47%
Saints - DE Chase Young
47%
Commanders - CB Marshon Lattimore
47%
Commanders- WR Noah Brown
47%
Browns - OT Dawand Jones
40%
Texans - CB Jeff Okudah
33%
Saints - LB Pete Werner
33%
Browns - S Ronnie Hickman
33%
Lions - OT Taylor Decker
33%
Bengals - S Vonn Bell
33%
Jets - TE Jeremy Ruckert
27%
Colts - RB Trey Sermon
27%
Chargers - CB Eli Apple
20%
Packers - C Josh Myers
20%
Browns - C Luke Wypler
20%
Cowboys - S Malik Hooker
20%
Cardinals -LB Baron Browning
13%
Steelers - P Cameron Johnston
13%
Jags - DT DaVon Hamilton
13%
Broncos - LB Johnathan Cooper
13%
Panthers - S Jordan Fuller
13%
Eagles - WR Parris Campbell
13%
Titans - ILB Jerome baker
7%
Jags - TE Luke Farrell
7%
Titans - OT Nicholas Petit-Frere
7%
Titans - TE Nick Vannett
7%
Raiders - OT Thayer Munford Jr
7%
Raiders - LB Tommy Eichenberg
7%
Colts - DE Tyquan Lewis
7%
Seahawks - NT Johnathan Hankins
0%
No matching quizzes found
Score Distribution
Percent of People with Each Score
Percentile by Number Answered
Your Score History
You have not taken this quiz